| 000 | 00946cam a22002654a 4500 | ||
|---|---|---|---|
| 001 | 2559 | ||
| 005 | 20240105155902.0 | ||
| 020 | _a9780822556756 | ||
| 040 |
_aDLC _cDLC _dDLC _beng |
||
| 050 | 0 | 0 |
_aTD793.K57 _b2006 |
| 082 | 0 | 0 | _a363.72 |
| 100 | 1 | _aKishel, Ann-Marie | |
| 245 | 1 | 0 |
_aReuse / _cby Ann-Marie Kishel |
| 260 |
_aMinneapolis : _bLerner Publications Company, _c2006 |
||
| 300 |
_a8 pages : _bcolor illustrations ; _c19 cm |
||
| 505 | _aD | ||
| 520 | _aEach of these books examines ways students can help conserve resources in their community with simple text and corresponding photographs. | ||
| 521 |
_a190 Estimate
_bLexile |
||
| 521 |
_aD
_bRaz-Plus |
||
| 650 | 0 |
_aWaste minimization _vJuvenile literature. |
|
| 650 | 0 |
_aSalvage (Waste, etc.) _vJuvenile literature. |
|
| 650 | 0 |
_aConservation of natural resources _vJuvenile literature. |
|
| 906 |
_a7 _bcbc _corignew _d1 _eecip _f20 _gy-gencatlg |
||
| 942 |
_2ddc _cBK _n0 |
||
| 999 |
_c2559 _d2559 |
||